000 00842cam5a220026500 4500
001 lce00556438
008 790405s1962 ilua b 000 0 eng
010 _a 60053071 /L/r82
035 _a(Sirsi) r88479
035 _a(DLC) 60053071 /L/r82
035 _a(UPRA)lce00556438
040 _dUPRA
050 0 _aRD81
_b.A28 1962
082 _a615.781
100 1 _aAdriani, John, 1907-
_dAdriani, John, 1907-
_6A36938.1
240 1 0 _aChemistry of anesthesia
245 1 4 _aThe chemistry and physics of anesthesia.
250 _a2nd ed.
260 _aSpringfield, IL :
_bThomas,
_c[1962]
500 _aFirst ed. published in 1946 under title: The chemistry of anesthesia.
504 _aIncludes bibliographical references.
650 0 _aAnesthesia.
_6S132.2
949 _aRD81
_wLC
_i-123821
_mMEDICAL
_tBOOK
_lON-SHELF
004 88479
999 _c40159
_d40159